000
00292 a2200145 4500
001
44422
020
_a
040
_c
Anchieta - Aquarius
240
1
0
_a
*O céu e a terra
_l
por
245
1
0
_a
*O céu e a terra
300
_a
16
362
0
_a
0
650
4
_a
Literatura infantil
942
_c
BK
999
_c
44422
_d
44422